Vybrané problémy efektívnosti verejného sektora

Základné pojmy verejnej ekonómie. Národohospodársky a inštitucionálny pohľad na efektívnosť verejného sektora. Reštrukturalizácia verejného sektora a zmeny rozpočtového financovania. Verejné potreby a HDP.

Na minha lista:
Detalhes bibliográficos
Autor principal: Majdúchová, Helena, 1963-
Formato: Livro
Idioma:eslovaco
Assuntos:
Tags: Adicionar Tag
Sem tags, seja o primeiro a adicionar uma tag!

MARC

LEADER 00000nam a2200000 4500
001 r031991
005 20240502071330.6
041 0 |a slo 
044 |a SK 
245 1 0 |a Vybrané problémy efektívnosti verejného sektora  |c Helena Majdúchová 
520 |a Základné pojmy verejnej ekonómie. Národohospodársky a inštitucionálny pohľad na efektívnosť verejného sektora. Reštrukturalizácia verejného sektora a zmeny rozpočtového financovania. Verejné potreby a HDP. 
610 2 0 |a sektor verejný 
610 2 0 |a hospodárstvo trhové 
610 2 0 |a produkt domáci hrubý 
610 2 0 |a efektívnosť ekonomická 
610 2 0 |a transformácia 
610 2 0 |a reštrukturalizácia 
610 2 0 |a Slovensko 
610 2 0 |a spotreba 
610 2 0 |a náklady 
100 1 |a Majdúchová, Helena, 1963-